000
00295nam a22001337a 4500
008
170130b xxu||||| |||| 00| 0 eng d
020
_a
0815128169
041
_a
eng
080
_a
61
100
_a
3
101
_a
SHMI
245
_a
ADVANCES IN INTERNAL MEDICINE
_c
SCHRIER, R.W
942
_2
udc
_c
BK
999
_c
3991
_d
3991